MARC

Tag First Indicator Second Indicator Subfields
LEADER 00000cam a2200000Ia 4500
001 in00002435321
005 20151109195532.0
008 081114s2008 nyua 000 f eng d
020 |a 0316004251 (pbk.) 
020 |a 9780316004251 (pbk.) 
029 1 |a NZ1  |b 12555700 
035 |a (OCoLC)ocn271666916 
035 |a (OCoLC)271666916 
040 |a GZF  |c GZF  |d MR0  |d GK8  |d UtOrBLW 
049 |a TXAM 
090 |a PN6728.D36  |b P38 2008 
100 1 |a Patterson, James. 
245 1 0 |a Daniel X :  |b alien hunter /  |c James Patterson & Leopoldo Gout ; art by Klaus Lyngeled, Jon Girin & Joseph McLamb. 
246 3 |a Alien hunter 
250 |a 1st ed. 
264 1 |a New York :  |b Little, Brown & Co.,  |c 2008. 
300 |a 127 pages :  |b chiefly color illustrations ;  |c 27 cm. 
336 |a text  |b txt  |2 rdacontent 
337 |a unmediated  |b n  |2 rdamedia 
338 |a volume  |b nc  |2 rdacarrier 
500 |a "A graphic novel"--Cover. 
650 0 |a Orphans  |v Comic books, strips, etc. 
650 0 |a Extraterrestrial beings  |v Comic books, strips, etc. 
650 0 |a Criminals  |v Comic books, strips, etc. 
650 0 |a Revenge  |v Comic books, strips, etc. 
655 7 |a Graphic novels.  |2 lcgft 
655 7 |a Science fiction comic books, strips, etc.  |2 gsafd 
700 1 |a Gout, Leopoldo. 
700 1 |a Lyngeled, Klaus. 
700 1 |a Girin, Jon. 
700 1 |a McLamb, Joseph. 
948 |a cataloged  |b h  |c 2008/12/19  |d c  |e ceaton  |f 9:06:57 am 
994 |a C0  |b TXA 
999 |a MARS 
999 f f |s e58f08fc-3489-306f-badd-47457a236ea6  |i a6176413-e9f5-3779-926b-4d08a5d9ae55  |t 0 
952 f f |p normal  |a Texas A&M University  |b College Station  |c Sterling C. Evans Library  |d Evans: Library Stacks  |t 0  |e PN6728.D36 P38 2008  |h Library of Congress classification  |i unmediated -- volume  |m A14837537483 
998 f f |a PN6728.D36 P38 2008  |t 0  |l Evans: Library Stacks